| Tag |
First Indicator |
Second Indicator |
Subfields |
| LEADER |
00000cam a2200000 a 4500 |
| 001 |
in00000013618 |
| 005 |
20151007052522.0 |
| 008 |
870501s1987 ii b 00110 eng |
| 010 |
|
|
|a 87900511
|
| 020 |
|
|
|a 8170184495 :
|c Rs95.00
|
| 025 |
|
|
|a I E 53850
|
| 035 |
|
|
|a (OCoLC)16000457
|
| 035 |
|
|
|9 AAA8110AM
|
| 040 |
|
|
|a DLC
|c DLC
|d TXA
|d UtOrBLW
|
| 043 |
|
|
|a a-ii---
|
| 049 |
|
|
|a TXAM
|c [A11050138]
|
| 050 |
0 |
0 |
|a S471.I32
|b H377 1987
|
| 082 |
0 |
|
|a 338.1/0954/558
|2 19
|
| 100 |
1 |
|
|a Singh, Vedpal,
|d 1951-
|
| 245 |
1 |
3 |
|a An agricultural view of Haryana /
|c Vedpal Singh, M.S. Kairon.
|
| 264 |
|
1 |
|a Delhi :
|b B.R. Pub. Corp. ;
|c 1987.
|
| 264 |
|
2 |
|a New Delhi :
|b Distributed by D.K. Publishers' Distributors,
|
| 300 |
|
|
|a 163 pages ;
|c 23 cm.
|
| 336 |
|
|
|a text
|b txt
|2 rdacontent
|
| 337 |
|
|
|a unmediated
|b n
|2 rdamedia
|
| 338 |
|
|
|a volume
|b nc
|2 rdacarrier
|
| 504 |
|
|
|a Includes bibliographical references and index.
|
| 650 |
|
0 |
|a Agriculture
|z India
|z Haryana.
|
| 650 |
|
0 |
|a Crops
|z India
|z Haryana.
|
| 700 |
1 |
|
|a Kairon, M. S.
|q (Mian Singh),
|d 1940-
|
| 999 |
|
|
|a MARS
|
| 999 |
f |
f |
|s 3927bb2f-0a80-3d83-92be-9d195668b161
|i 7a0d0151-5b54-3b1d-9546-6f15d28dd5b7
|t 0
|
| 952 |
f |
f |
|p ric
|a Texas A&M University
|b Rellis Campus
|c Joint Library Facility
|d Remote Storage
|t 0
|e S471.I32 H377 1987
|h Library of Congress classification
|i unmediated -- volume
|m A14811050138
|
| 998 |
f |
f |
|a S471.I32 H377 1987
|t 0
|l Remote Storage
|